Countries Smash Mouth has Visited - Statistics

General Stats
  • This quiz has been taken 13 times
  • The average score is 28 of 31
Answer Stats
Continent Country % Correct
North America Canada
100%
South America Chile
100%
North America Mexico
100%
North America United States of America
100%
Oceania Australia
91%
Europe Austria
91%
Europe Belgium
91%
South America Brazil
91%
South America Colombia
91%
North America Costa Rica
91%
North America Dominican Republic
91%
Europe France
91%
Europe Germany
91%
Europe Italy
91%
Asia Japan
91%
Asoa Malaysia
91%
Europe Netherlands
91%
Oceania New Zealand
91%
South America Peru
91%
Asia Singapore
91%
Europe Spain
91%
Europe Sweden
91%
Europe Switzerland
91%
Asia/ Europe Turkey
91%
Europe United Kingdom
91%
South America Venezuela
91%
South America Paraguay
82%
Asia Philippines
82%
Europe Portugal
82%
Asia Iraq
64%
Europe Romania
64%
No matching quizzes found
Score Distribution
Percent of People with Each Score
Percentile by Number Answered
Your Score History
You have not taken this quiz